| 000 | 03628cam a2200385 i 4500 | ||
|---|---|---|---|
| 001 | 19668998 | ||
| 005 | 20250520141011.0 | ||
| 008 | 170526s2017 enk b 001 0 eng | ||
| 906 |
_a7 _bcbc _corignew _d2 _eepcn _f20 _gy-gencatlg |
||
| 925 | 0 |
_aacquire _b1 shelf copy _xpolicy default |
|
| 010 | _a 2017943901 | ||
| 020 | _a9780198808381 (hbk) | ||
| 020 | _a0198808380 (hbk) | ||
| 040 |
_aDLC _beng _erda _cDLC |
||
| 042 | _apcc | ||
| 050 | 0 | 0 |
_aK935 _b.F67 2017 |
| 082 | 0 | 4 |
_a342.085 _223 |
| 100 | 1 |
_aFortin, Katharine, _eauthor. |
|
| 245 | 1 | 4 | _aThe accountability of armed groups under human rights law / Katharine Fortin. |
| 250 | _aFirst edition. | ||
| 264 | 1 |
_aOxford, United Kingdom : _bOxford University Press _c2017. |
|
| 300 |
_axxxii, 430 pages ; _c24 cm. |
||
| 336 |
_atext _btxt _2rdacontent |
||
| 337 |
_aunmediated _bn _2rdamedia |
||
| 338 |
_avolume _bnc _2rdacarrier |
||
| 504 | _aIncludes bibliographical references (pages 395-419) and index. | ||
| 505 | 0 |
_gI. _tIntroduction -- 1. Introduction -- 2. Added value of application of international human rights law to armed groups -- _gII. _tLegal Personality of Armed Groups Under Human Rights Law -- 3. Evaluative framework : legal personality under international law -- 4. The law of belligerency and insurgency, and international legal personality -- 5. International humanitarian law and international legal personality -- 6. International legal personality of armed groups under human rights law -- _gIII. _tHow and when are Armed Groups Bound by Human Rights Law? -- 7. How are armed groups bound by international humanitarian law? -- 8. Armed groups and treaty law -- 9. Control of territory and human rights obligations of armed groups -- 10. Armed groups and crimes against humanity -- 11. Armed groups and customary international human rights law -- _gIV. _tConclusions -- 12. Conclusions. |
|
| 520 |
_a"This book addresses the debate on this topic by employing a theoretical, historical, and comparative analysis that spans international humanitarian law, international criminal law, and international human rights law. Embedding these different perspectives in public international law, this book brings several key points of clarification to the legal framework. Firstly, the book draws upon social science literature on armed conflict to present a new viewpoint on the role that human rights law plays vis-a-vis international humanitarian law in non-international armed conflicts. Secondly, the book sheds light on the circumstances in which armed groups acquire obligations under human rights law. It brings illumination to these topics by combining historical and comparative research on belligerency, insurgency, and international humanitarian law with a theoretical analysis of legal personality under international law. In the final part of the book, the author tests the four most utilised theories of how armed groups are bound by human rights law, examining whether armed groups can be bound by virtue of (i) treaty law (ii) control of territory (iii) international criminal law and (iv) customary international law. In the book's conclusions, the author presents final remarks that are designed to provide concrete guidance on how the issue of armed groups and human rights law can be dealt with more thoroughly in practice" -- _cProvided by publisher. |
||
| 650 | 0 | _aLiability for human rights violations. | |
| 650 | 0 | _aNon-state actors (International relations) | |
| 650 | 0 | _aHuman rights. | |
| 650 | 0 | _aWar crimes (International law) | |
| 999 |
_c7499 _d7499 |
||